000
00305nam a22001457a 4500
008
230419b ||||| |||| 00| 0 eng d
020
_a
9780194342773
041
_a
eng
080
_a
37
082
_a
37JAC
100
_a
24
101
_a
EDU
245
_a
ENGLISH SYNTAX
_c
JACOBS.A.R
942
_2
udc
_c
BK
999
_c
59611
_d
59611